Life of Shakespeare /

Bibliographic Details
Main Author: Gollancz, Israel, 1864-1930
Format: Book
Language:English
Published: New York : University society, [1901]
Series:Booklovers edition.
Subjects:

MARC

Tag First Indicator Second Indicator Subfields
LEADER 00000cam a2200000 4500
001 in00000032850
005 20151007063236.0
008 751103s1901 nyu 00010beng d
035 |a (OCoLC)01801850 
035 |9 AAD6895AM 
040 |a JPL  |c JPL  |d TXA  |d UtOrBLW 
049 |a TXAM  |c [91289] 
090 |a PR2899  |b .G6 
092 |a 822.33  |b EG626 
100 1 |a Gollancz, Israel,  |d 1864-1930. 
245 1 0 |a Life of Shakespeare /  |c by Israel Gollancz, with essays by Walter Bagehot, Leslie Stephen, Richard Grant White and Thomas Spencer Baynes. 
264 1 |a New York :  |b University society,  |c [1901] 
264 4 |c [©1901] 
300 |a 1 volume :  |b color frontispiece 
336 |a text  |b txt  |2 rdacontent 
337 |a unmediated  |b n  |2 rdamedia 
338 |a volume  |b nc  |2 rdacarrier 
490 1 |a Booklovers edition 
600 1 0 |a Shakespeare, William,  |d 1564-1616. 
830 0 |a Booklovers edition. 
999 |a MARS 
999 f f |s cd142376-fcf0-311a-b8d9-ce82b209c7c1  |i 5d326de5-cebb-3a60-b260-4baa4ee36f15  |t 0 
952 f f |p normal  |a Texas A&M University  |b College Station  |c Sterling C. Evans Library  |d Evans: Library Stacks  |t 0  |e PR2899 .G6  |h Library of Congress classification  |i unmediated -- volume  |m A14801307478 
952 f f |p ric  |a Texas A&M University  |b Rellis Campus  |c Joint Library Facility  |d Remote Storage  |t 0  |e PR2899 .G6  |h Library of Congress classification  |i unmediated -- volume  |m A14833390067 
998 f f |a PR2899 .G6  |t 0  |l Remote Storage 
998 f f |a PR2899 .G6  |t 0  |l Evans: Library Stacks